Selbstoptimierung : eine kritische diskursgeschichte des Tagebuchs /
Lebenskunst hat Konjunktur: Offenbar ist der Traum, das Leben als Gesamtkunstwerk einzurichten, zur ethischen Maxime geworden. Beteiligt ist dabei seit der Antike das Motiv von Selbsterforschung bzw. Selbstbesserung, das über die Frühe Neuzeit bis in die Gegenwart wirksam geblieben ist. Tagebücher s...
| Main Author: | |
|---|---|
| Corporate Author: | |
| Format: | eBook |
| Language: | German English |
| Language Notes: | In German; includes text in English. |
| Published: |
Berlin :
Peter Lang GmbH, Internationaler Verlag der Wissenschaften,
2018.
|
| Series: | Bochumer Schriften zur deutschen Literatur ;
neue Folge, Bd. 7. |
| Subjects: | |
| Online Access: | Connect to the full text of this electronic book |
MARC
| Tag | First Indicator | Second Indicator | Subfields |
|---|---|---|---|
| LEADER | 00000cam a2200000 i 4500 | ||
| 001 | in00004635609 | ||
| 006 | m o d | ||
| 007 | cr un||||||||| | ||
| 008 | 190115t20182018gw a obt 000 0 ger d | ||
| 005 | 20230103223514.8 | ||
| 035 | |a (OCoLC)on1083008615 | ||
| 040 | |a OAPEN |b eng |e rda |e pn |c OAPEN |d OCLCQ |d C6I |d JSTOR |d YOU |d OCLCF |d IYU |d TEF |d PLANG |d SNU |d UKKNU |d U9X |d OCLCQ |d OCLCO |d OCLCQ |d OCLCO |d EUX | ||
| 019 | |a 1080469387 |a 1080471976 |a 1080491069 |a 1119747505 |a 1147270115 | ||
| 020 | |a 9783631704400 |q (electronic bk.) | ||
| 020 | |a 3631704402 |q (electronic bk.) | ||
| 020 | |a 9783653070712 |q (electronic bk.) | ||
| 020 | |a 3653070716 |q (electronic bk.) | ||
| 020 | |a 3631704410 | ||
| 020 | |a 9783631704417 | ||
| 020 | |z 9783631676622 |q (print) | ||
| 020 | |z 363167662X |q (print) | ||
| 024 | 3 | |a 9783631704417 |q (mobi) | |
| 024 | 3 | |a 9783653070712 | |
| 024 | 3 | |a 9783631704400 | |
| 024 | 7 | |a 10.3726/978-3-653-07071-2 |2 doi | |
| 035 | |a (OCoLC)1083008615 |z (OCoLC)1080469387 |z (OCoLC)1080471976 |z (OCoLC)1080491069 |z (OCoLC)1119747505 |z (OCoLC)1147270115 | ||
| 037 | |a 22573/ctvnp0wrn |b JSTOR | ||
| 041 | 0 | |a ger |a eng | |
| 050 | 4 | |a PN4390 |b .K65 2018eb | |
| 072 | 7 | |a DS |2 bicssc | |
| 082 | 0 | 4 | |a 808.06/692 |2 23 |
| 049 | |a TXAM | ||
| 100 | 1 | |a Köhnen, Ralph, |d 1961- |e author. | |
| 245 | 1 | 0 | |a Selbstoptimierung : |b eine kritische diskursgeschichte des Tagebuchs / |c Ralph Köhnen. |
| 264 | 1 | |a Berlin : |b Peter Lang GmbH, Internationaler Verlag der Wissenschaften, |c 2018. | |
| 264 | 4 | |c ©2018 | |
| 300 | |a 1 online resource (254 pages) : |b illustrations | ||
| 336 | |a text |b txt |2 rdacontent | ||
| 337 | |a computer |b c |2 rdamedia | ||
| 338 | |a online resource |b cr |2 rdacarrier | ||
| 490 | 1 | |a Bochumer Schriften zur deutschen Literatur. Neue Folge, |x 0177-686X ; |v Band 7 | |
| 504 | |a Includes bibliographical references (pages 237-254). | ||
| 520 | |a Lebenskunst hat Konjunktur: Offenbar ist der Traum, das Leben als Gesamtkunstwerk einzurichten, zur ethischen Maxime geworden. Beteiligt ist dabei seit der Antike das Motiv von Selbsterforschung bzw. Selbstbesserung, das über die Frühe Neuzeit bis in die Gegenwart wirksam geblieben ist. Tagebücher sind dabei ein notwendiges Begleitmedium gewesen und haben wechselhafte Formen angenommen, die von religiösen, wirtschaftlichen, psychologischen und medizinischen Aufschreibesystemen bestimmt worden sind. In diesem umfassenden mediologischen Sinn untersucht der Autor Programme der Selbstschrift und stellt diese an Beispielen dar, die sich von Pacioli über Pepys, Leibniz, Herder, Moritz, Goethe, Hebbel, Schmitt, Jünger oder Rainald Goetz bis in die Gegenwart der Social Media erstrecken. | ||
| 545 | 0 | |a Ralph Kohnen is professor of modern German literary studies and didactics at the Ruhr University in Bochum. He researches recent German literary history as well as art, media and cultural history. | |
| 536 | |a Knowledge Unlatched |c 103668 |b OGeSoMO | ||
| 536 | |a OGeSoMo | ||
| 546 | |a In German; includes text in English. | ||
| 505 | 0 | |a Konzepte der Lebenskunst durch Programme der Selbstoptimierung and#x2013; Beispiele der Tagebuchführung und ihrer Programme von der Frühen Neuzeit bis zur Gegenwart der Social Media | |
| 650 | 0 | |a Diaries. | |
| 650 | 0 | |a Diaries |x Authorship. | |
| 650 | 0 | |a Self-actualization (Psychology) | |
| 650 | 6 | |a Journaux intimes. | |
| 650 | 6 | |a Journaux intimes |x Art d'écrire. | |
| 650 | 7 | |a diaries. |2 aat | |
| 650 | 7 | |a Literature: history & criticism. |2 bicssc | |
| 650 | 7 | |a LIT004020. |2 bisacsh | |
| 650 | 7 | |a Diaries. |2 fast |0 (OCoLC)fst00892657 | |
| 650 | 7 | |a Diaries |x Authorship. |2 fast |0 (OCoLC)fst00892658 | |
| 650 | 7 | |a Self-actualization (Psychology) |2 fast |0 (OCoLC)fst01111481 | |
| 653 | |a Diary | ||
| 653 | |a Ethics | ||
| 653 | |a Literary History | ||
| 653 | |a Literature | ||
| 653 | |a Media History | ||
| 653 | |a Psychology | ||
| 653 | |a Self optimization | ||
| 655 | 7 | |a Electronic books. |2 local | |
| 655 | 7 | |a Anthologies. |2 lcgft | |
| 710 | 2 | |a JSTOR (Organization) | |
| 776 | 0 | |z 9783631704400 | |
| 776 | 0 | |z 9783653070712 | |
| 776 | 0 | |z 9783631676622 | |
| 830 | 0 | |a Bochumer Schriften zur deutschen Literatur ; |v neue Folge, Bd. 7. | |
| 856 | 4 | 0 | |u https://www.jstor.org/stable/10.2307/j.ctvnp0hwn |z Connect to the full text of this electronic book |t 0 |
| 955 | |a JSTOR Open Access ebooks | ||
| 994 | |a 92 |b TXA | ||
| 999 | f | f | |s 85794871-43b8-4959-87ef-eca4ea5e05e8 |i 111c0b50-fcb3-41b1-88e8-9fc08f4edd85 |t 0 |
| 952 | f | f | |a Texas A&M University |b College Station |c Electronic Resources |d Available Online |t 0 |e PN4390 .K65 2018eb |h Library of Congress classification |
| 998 | f | f | |a PN4390 .K65 2018eb |t 0 |l Available Online |